ABDÜLHAMİDİN KURTLARLA DANSI 3 (Record no. 934338)

MARC details
000 -LEADER
sabit uzunluktaki kontrol alanı 00259nam a2200097Ia 4500
001 - KONTROL NUMARASI
kontrol alanı 934338
005 - EN SON İŞLEMİN TARİH VE ZAMANI
kontrol alanı 20250826215004.0
008 - SABİT-UZUNLUKTA VERİ ÖĞELERİ--GENEL BİLGİ
sabit uzunluktaki kontrol alanı 250824s9999 xx 000 0 und d
245 #0 - ESER / YAZAR
ESER ADI ABDÜLHAMİDİN KURTLARLA DANSI 3
Yazar Adı MUSTAFA ARMAĞAN
260 ## - YAYIN, DAĞITIM, VB.
YAYIN EVİ KETEBE YAYINLARI
Holdings
Düşüm durumu Kayıp durumu Hasar Durumu Ödünç verilmez Ana kütüphane Geçerli Kütüphane Edinilen tarih Toplam ödünç verme sayısı Barkod Son görüntüleme tarihi Fiyatın geçerli olmaya başladığı tarih Koha materyal türü
        GAZİ MESLEKİ VE TEKNİK ANADOLU LİSESİ GAZİ MESLEKİ VE TEKNİK ANADOLU LİSESİ 24.08.2025   10442730 26.08.2025 26.08.2025 Books